[Event "BRA-ch U26 (Women)"]
[Site "Brasilia"]
[Date "2024.10.15"]
[Round "3"]
[White "De Sousa, Lorrane Martins"]
[Black "Cavalcante, Ana Julia Alves And"]
[Result "1-0"]
[WhiteElo "1780"]
[BlackElo "1406"]
[PlyCount "125"]
[EventDate "2024.10.14"]
[EventType "swiss"]
[EventRounds "6"]
[EventCountry "BRA"]
[SourceTitle "CB43_2024"]
[Source "Chessbase"]
[SourceDate "2024.10.23"]
[SourceVersion "1"]
[SourceVersionDate "2024.10.23"]
[SourceQuality "1"]

1. d4 Nf6 2. Nf3 d6 3. e3 g6 4. Bd3 Bg7 5. Nbd2 0-0 6. 0-0 c5 7. c3 Be6 8. dxc5 dxc5 9. Ne4 c4 10. Nxf6+ Bxf6 11. Be2 Qc7 12. Qa4 b6 13. Nd2 Bd7 14. Qxc4 Qe5 15. Nf3 Qh5 16. Nd4 Rc8 17. Qxc8+ Bxc8 18. Bxh5 gxh5 19. e4 Bb7 20. f3 Nd7 21. Be3 e6 22. Rfd1 Ne5 23. b3 h4 24. h3 a5 25. Nb5 Bc6 26. a4 Rb8 27. Rd2 Bxb5 28. axb5 Ng6 29. Bd4 Bg5 30. Rdd1 e5 31. Bf2 Nf4 32. Kf1 Kg7 33. Rd6 Bd8 34. Rad1 Bc7 35. Rd7 Ne6 36. Bxh4 Rc8 37. Bf2 Bd8 38. c4 Bc7 39. Rxc7 Nxc7 40. Bxb6 Ne6 41. Bxa5 Nc5 42. Rb1 Nb7 43. Bb4 Kg6 44. Kf2 f5 45. exf5+ Kxf5 46. Ke3 Re8 47. Rd1 Nd8 48. Rd7 Ne6 49. b6 Nd4 50. b7 Nc2+ 51. Kf2 Nxb4 52. Rc7 Ke6 53. Rc8 Nd3+ 54. Kg1 Rxc8 55. bxc8Q+ Kf6 56. Qd8+ Ke6 57. Qxd3 Kf6 58. c5 h5 59. c6 Kg5 60. c7 h4 61. c8Q Kf6 62. Qdf5+ Ke7 63. Qfe6# 1-0